00987cam a2200253 a 450000100060000000300090000600500170001500800410003203500180007304000260009104100080011708200280012524500530015326000300020630000250023650400410026150500390030252001990034165000350054065100330057565100430060865100490065171000330070045165BD-RJUL 20211209053955.0160724s1953 enkab b f000 0 eng d aBD-RJUL 45283 aBD-RjULbengcBD-RjUL aeng 223 a327.43 bDOC 1953 00aDocuments on German Foreign Policy, 1918-1945 /  aLondon :bH.M.S.O,c1953  aV. :bill. ;c24 cm. aIncludes bibliographical references.0 aVol 2- Vol 3 -- Vol 4 -- Vol 5---  a"...Object of the publication was to 'establish the record of German foreign policy preceding and during World War 11 ...' based on documents from captured archivies of the German Foreign Minis. 0aWorld War, 1939-1945zGermany. 0aGermanyxHistoryy1933-1945. 0aGermanyxForeign relationsy1933-1945. 0aGermanyxPolitics and governmenty1933-1945.1 aGermany.bAuswärtiges Amt.